000 01570cgm a2200421Ka 4500
005 20231114122215.0
007 vd cvaizq
008 140206s2014 xxu j vaeng d
024 1 _a884487114166
028 4 2 _aH182119
_bHit Entertainment
040 _aTEFMT
_cTEFMT
_dTEF
_dBDX
_dGK8
_dMLN
_dSKYRV
_e
041 1 _aeng
_afre
_aspa
_heng
082 0 _a791.45/75
_23
092 _a
245 0 0 _aAngelina Ballerina : Spring fling
246 3 0 _aSpring fling.
260 _a[United States] :
_bHit Entertainment,
_c[2014]
264 _a[United States] :
_bHIT Entertainment ; director, Davis Doi.
_c2014
300 _a1 videodisc (84 min.) :
_bsd., col. ;
_c4 3/4 in.
511 1 _aCharlotte Spencer, Leah Zabari, Naomi MacDonald.
518 _aOriginally broadcast on PBS as episodes of the television program.
538 _aDVD, widescreen, 2.0 Dolby Digital.
546 _aEnglish, French or Spanish dialogue. Closed-captioned.
650 1 _aAngelina (Fictitious character : Holabird)
_vDrama.
_96472899
650 1 _aBallerinas
_vDrama.
_95736568
650 1 _aDance
_vDrama.
_95775187
650 1 _aBallet
_vDrama.
_96434238
655 0 _aChildren's television programs.
_95674316
655 0 _aAnimated television programs.
_95888408
700 1 _aDoi, Davis.
_966799
700 1 _aSpencer, Charlotte.
_95675545
700 1 _aZabari, Leah.
_95867900
700 1 _aMacdonald, Naomi.
_95867899
710 2 _aHit Entertainment.
_966216
730 0 _aAngelina Ballerina (Television program)
_951634
942 _cDVD
_2ddc
948 _a04/30/2014
_zSirsi
999 _c283655
_d283655